|
|
|
|
| LEADER |
02023nam a2200541 a 4500 |
| 001 |
nkc20112165208 |
| 003 |
CZ PrNK |
| 005 |
20110727141300.0 |
| 007 |
ta |
| 008 |
110407s2011 xr a f 000 0 eng |
| 015 |
|
|
|a cnb002165208
|
| 020 |
|
|
|a 978-80-7343-231-7
|q (Centrum pro ekonomický výzkum a doktorské studium UK ;
|q brož.)
|
| 020 |
|
|
|a 978-80-7344-221-7
|q (Národohospodářský ústav AV ČR ;
|q brož.)
|
| 035 |
|
|
|a (OCoLC)724296732
|
| 040 |
|
|
|a ABA001
|b cze
|
| 041 |
0 |
|
|a eng
|b cze
|
| 043 |
|
|
|a e-xr---
|
| 072 |
|
7 |
|a 33
|x Ekonomie
|2 Konspekt
|9 4
|
| 080 |
|
|
|a 347.453.3
|2 MRF
|
| 080 |
|
|
|a 338.244.47
|2 MRF
|
| 080 |
|
|
|a 365
|2 MRF
|
| 080 |
|
|
|a (437.3)
|2 MRF
|
| 080 |
|
|
|a (048.8)
|2 MRF
|
| 100 |
1 |
|
|a Tsharakyan, Ashot,
|d 1981-
|7 mzk2008430707
|4 aut
|
| 245 |
1 |
0 |
|a Rent deregulation, tenure choice, and real estate price expectations /
|c Ashot Tsharakyan, Petr Zemčík
|
| 260 |
|
|
|a Prague :
|b CERGE-EI,
|c 2011
|
| 300 |
|
|
|a 35 s. :
|b il. ;
|c 21 cm
|
| 490 |
1 |
|
|a Working paper series,
|x 1211-3298 ;
|v 430
|
| 504 |
|
|
|a Obsahuje bibliografii a bibliografické odkazy
|
| 546 |
|
|
|a České resumé
|
| 650 |
0 |
7 |
|a nájemné z bytů
|7 ph115492
|z Česko
|2 czenas
|
| 650 |
0 |
7 |
|a deregulace
|7 ph119388
|z Česko
|2 czenas
|
| 650 |
0 |
7 |
|a bydlení
|7 ph114212
|z Česko
|2 czenas
|
| 650 |
0 |
9 |
|a housing rent
|z Czechia
|2 eczenas
|
| 650 |
0 |
9 |
|a deregulation
|z Czechia
|2 eczenas
|
| 650 |
0 |
9 |
|a housing
|z Czechia
|2 eczenas
|
| 655 |
|
7 |
|a studie
|7 fd133597
|2 czenas
|
| 655 |
|
9 |
|a studies
|2 eczenas
|
| 700 |
1 |
|
|a Zemčík, Petr,
|d 1969-
|7 ola364223
|4 aut
|
| 830 |
|
0 |
|a Working paper series (CERGE-EI)
|0 s
|
| 910 |
2 |
|
|a BOA001
|b 2-1269.789
|
| 928 |
9 |
|
|a Centrum pro ekonomický výzkum a doktorské studium Univerzity Karlovy
|
| 928 |
9 |
|
|a Národohospodářský ústav AV ČR
|
| 928 |
9 |
|
|a Univerzita Karlova, Centrum pro ekonomický výzkum a doktorské studium
|
| 990 |
|
|
|a BK
|
| 995 |
|
|
|a 01
|
| 991 |
|
|
|b 201107
|c NOV
|e n
|
| 996 |
6 |
|
|b 2610484044
|c 2-1269.789
|l MZK
|r Sklad / do 1 hodiny
|n 1
|p p.v.
|w 001191818
|u 000010
|a 1
|e BOA001
|j MZK50
|s P
|